Logo BPK

Biblioteka

Politechniki Koszalińskiej

Roboty wykończeniowe : (Rekord nr 52260)

Szczegóły MARC
000 -ETYKIETA REKORDU
podpole kontrolne o stałej długości 01220nam a2200301 i 4500
001 - NUMER KONTROLNY REKORDU
pole kontrolne bg
020 ## - MIĘDZYNARODOWY ZNORMALIZOWANY NUMER KSIĄŻKI - ISBN
ISBN 8373706607 (całość)
020 ## - MIĘDZYNARODOWY ZNORMALIZOWANY NUMER KSIĄŻKI - ISBN
ISBN 8324904492 (z. 2)
040 ## - ŹRÓDŁO KATALOGOWANIA
Instytucja, która utworzyła rekord BPK
041 0# - KOD JĘZYKA
Kod języka tekstu pol
080 ## - UNIWERSALNA KLASYFIKACJA DZIESIĘTNA - UKD
UKD 692.5(083.1)
920 ## - Międzynarodowy znormalizowany numer książki – ISBN
ISBN 83-7370-660-7 (całość)
920 ## - Międzynarodowy znormalizowany numer książki – ISBN
ISBN 83-249-0449-2 (z. 2)
008 - POLE O STAŁEJ DŁUGOŚCI - DANE KONTROLNE
podpole kontrolne o stałej długości s pl f |000 0 pol
100 1# - NAZWA OSOBOWA
Nazwa osobowa Szyperska, Barbara.
245 10 - TYTUŁ/ODPOWIEDZIALNOŚĆ
Tytuł Roboty wykończeniowe :
Ciąg dalszy tytułu [instrukcja].
Oznaczenie części/sekcji dzieła Z. 2,
Tytuł części/sekcji dzieła Posadzki z drewna i materiałów drewnopochodnych /
Pozostałe elementy strefy tytułu i oznaczenia odpowiedzialności [aut. Barbara Szyperska] ; Instytut Techniki Budowlanej.
260 ## - STREFA ADRESU WYDAWNICZEGO
Miejsce wydania Warszawa :
Nazwa wydawcy/dystrybutora Instytut Techniki Budowlanej,
Data publikacji, dystrybucji/powstania dokumentu 2006.
300 ## - STREFA OPISU FIZYCZNEGO
Objętość 25, [1] s. ;
Rozmiary 24 cm.
490 1# - STREFA SERII I DOKUMENTU WIELOCZĘŚCIOWEGO - FORMA NIE DO WYSZUKIWANIA
Tytuł i oznaczenie odpowiedzialności serii Instrukcje. Wytyczne. Poradniki / Instytut Techniki Budowlanej ;
-- Warunki techniczne wykonania i odbioru robót budowlanych ;
Numeracja w obrębie serii 423/2006
-- Cz. B
490 1# - STREFA SERII I DOKUMENTU WIELOCZĘŚCIOWEGO - FORMA NIE DO WYSZUKIWANIA
Tytuł i oznaczenie odpowiedzialności serii Warunki techniczne wykonania i odbioru robót budowlanych ;
Numeracja w obrębie serii Cz. B
650 #9 - HASŁO PRZEDMIOTOWE W FORMIE NAZWY OGÓLNEJ LUB JEDNOSTKOWEJ
Nazwa ogólna lub geograficzna Posadzka
650 #9 - HASŁO PRZEDMIOTOWE W FORMIE NAZWY OGÓLNEJ LUB JEDNOSTKOWEJ
Nazwa ogólna lub geograficzna Podłoga
Określnik ogólny materiały
650 #9 - HASŁO PRZEDMIOTOWE W FORMIE NAZWY OGÓLNEJ LUB JEDNOSTKOWEJ
Nazwa ogólna lub geograficzna Drewno
Określnik ogólny stosowanie
-- budownictwo
655 ## - TERMIN INDEKSOWY - OKREŚLENIE RODZAJU/FORMY DOKUMENTU
Określenie rodzaju/formy dokumentu Instrukcje
830 ## - HASŁO DODATKOWE SERII LUB DOKUMENTU WIELOCZĘŚCIOWEGO - TYTUŁ UJEDNOLICONY
Tytuł ujednolicony Instrukcje. Wytyczne. Poradniki - Instytut Techniki Budowlanej ;
Oznaczenie tomu 423/2006
830 ## - HASŁO DODATKOWE SERII LUB DOKUMENTU WIELOCZĘŚCIOWEGO - TYTUŁ UJEDNOLICONY
Tytuł ujednolicony Warunki techniczne wykonania i odbioru robót budowlanych ;
856 ## - LOKALIZACJA I DOSTĘP DO ELEKTRONICZNYCH DOKUMENTÓW ZDALNYCH
Link (URL) http://koha.tu.koszalin.pl/cgi-bin/koha/opac-detail.pl?biblionumber=52260
Tekst linku Katalog online BPK
942 ## - DODATKOWE ELEMENTY (KOHA)
Typ dokumentu Książka
Egzemplarze
Wycofany Status egzemplarza Uszkodzony Dostępność Lokalizacja stała Lokalizacja bieżąca Miejsce przechowywania Sygnatura Kod kreskowy Dział Typ dokumentu
      Tylko na miejscu Czytelnia Wydziału Elektroniki i Informatyki, Wydziału Architektury i Wzornictwa, Wydziału Inżynierii Mechanicznej i Energetyki oraz Wydziału Inżynierii Lądowej, Środowiska i Geodezji Czytelnia Wydziału Elektroniki i Informatyki, Wydziału Architektury i Wzornictwa, Wydziału Inżynierii Mechanicznej i Energetyki oraz Wydziału Inżynierii Lądowej, Środowiska i Geodezji Czytelnia Wydziałowa ul. Śniadeckich 2 80348 02336312 692/694 Części budynku. Roboty murarskie. Roboty ciesielskie Książka
© 2023 Biblioteka Politechniki Koszalińskiej :: KOHA